Get the Picture: Post-Beatles Hits Quiz Stats

 Plays Quiz Updated Aug 22, 2019

Score 0/20 Timer 03:00
1 Play Today
Question Answer Wrong Answers
Imagine John Lennon
92.7%
Paul McCartney
2%
George Harrison
0.5%
Ringo Starr
0.4%
Live and Let Die Paul McCartney
89.9%
John Lennon
2.7%
George Harrison
1.7%
Ringo Starr
0.9%
Band on the Run Paul McCartney
89.8%
John Lennon
1.9%
George Harrison
1.6%
Ringo Starr
1.6%
Give Peace a Chance John Lennon
89.1%
Paul McCartney
2.8%
George Harrison
3%
Ringo Starr
1%
Silly Love Songs Paul McCartney
82.4%
John Lennon
4.1%
George Harrison
4.2%
Ringo Starr
4.3%
My Sweet Lord George Harrison
79.4%
John Lennon
5.5%
Paul McCartney
5.3%
Ringo Starr
5.5%
Jet Paul McCartney
78.5%
John Lennon
4%
George Harrison
5.8%
Ringo Starr
6.8%
Instant Karma! John Lennon
71.8%
Paul McCartney
4.4%
George Harrison
13.1%
Ringo Starr
5.8%
(Just Like) Starting Over John Lennon
68.5%
Paul McCartney
11.9%
George Harrison
8.5%
Ringo Starr
5.9%
Uncle Albert/Admiral Halsey Paul McCartney
65%
John Lennon
7.6%
George Harrison
7.4%
Ringo Starr
15.1%
Back Off Boogaloo Ringo Starr
64.8%
John Lennon
7.1%
Paul McCartney
11.6%
George Harrison
11.1%
Mind Games John Lennon
62.5%
Paul McCartney
10.7%
George Harrison
12.4%
Ringo Starr
9.3%
No No Song Ringo Starr
60.2%
John Lennon
8.9%
Paul McCartney
12.7%
George Harrison
12.6%
What Is Life George Harrison
55.6%
John Lennon
20.8%
Paul McCartney
9.3%
Ringo Starr
9.2%
Photograph Ringo Starr
53.3%
John Lennon
13.5%
Paul McCartney
13.5%
George Harrison
14.5%
It Don't Come Easy Ringo Starr
50.9%
John Lennon
12.2%
Paul McCartney
13.2%
George Harrison
18.4%
All Those Years Ago George Harrison
50.8%
John Lennon
14%
Paul McCartney
17.6%
Ringo Starr
12.1%
Give Me Love (Give Me Peace on Earth) George Harrison
45.2%
John Lennon
41.5%
Paul McCartney
5.4%
Ringo Starr
3.5%
When We Was Fab George Harrison
44%
John Lennon
9.9%
Paul McCartney
14.7%
Ringo Starr
26.1%
Oh My My Ringo Starr
43.3%
John Lennon
11%
Paul McCartney
19.4%
George Harrison
20.9%

Today's Daily Dose

Missing Word
Sherlocks

Word Ladder
King of the Hill

Quick Pick
Songs in Pink

Get the Picture
NBA Teammates

You're not logged in!

Compare scores with friends on all Sporcle quizzes.
OR
Log In

Sporcle TV

Today on Sporcle TV


Watch our educational content, quiz creation guides, and fun videos on Sporcle TV.

Show Comments

Extras

Top Quizzes Today


Score Distribution

Your Account Isn't Verified!

In order to create a playlist on Sporcle, you need to verify the email address you used during registration. Go to your Sporcle Settings to finish the process.

Report this User

Report this user for behavior that violates our Community Guidelines.

Details: